000 00275nam a22001217a 4500
008 180919b xxu||||| |||| 00| 0 eng d
041 _aeng
080 _a510
100 _a37
101 _aMAT
245 _aModern Algebra Logical Approach
_cPearson.h.H
942 _2udc
_cBK
999 _c48070
_d48070